lumber price analysis of the north tonle sap lake region of cambodia (​ការវិភាគតំលៃនៃថ្លៃឈើអារនៅកម្ពុជាផ្នែកភូមិភាគខាងជើងបឹងទន្លេសាប) (Record no. 3027)

000 -LEADER
fixed length control field 00617nam a22001577a 4500
003 - CONTROL NUMBER IDENTIFIER
control field OSt
005 - DATE AND TIME OF LATEST TRANSACTION
control field 20151103100323.0
008 - FIXED-LENGTH DATA ELEMENTS--GENERAL INFORMATION
fixed length control field 151103b xxu||||| |||| 00| 0 eng d
040 ## - CATALOGING SOURCE
Transcribing agency RUA
082 ## - DEWEY DECIMAL CLASSIFICATION NUMBER
Classification number FOR LEN 1996 B121 Or.1
100 ## - MAIN ENTRY--PERSONAL NAME
9 (RLIN) 3241
Personal name LENG, CHIVIN.
245 ## - TITLE STATEMENT
Title lumber price analysis of the north tonle sap lake region of cambodia (​ការវិភាគតំលៃនៃថ្លៃឈើអារនៅកម្ពុជាផ្នែកភូមិភាគខាងជើងបឹងទន្លេសាប)
260 ## - PUBLICATION, DISTRIBUTION, ETC. (IMPRINT)
Place of publication, distribution, etc. Phnom Penh
Name of publisher, distributor, etc. RUA
Date of publication, distribution, etc. 1996
300 ## - PHYSICAL DESCRIPTION
Extent 49p.
Other physical details ill.
Dimensions 29cm.
942 ## - ADDED ENTRY ELEMENTS (KOHA)
Source of classification or shelving scheme
Koha item type FOR
Holdings
Price effective from Date last seen Permanent Location Not for loan Date acquired Source of classification or shelving scheme Koha item type Barcode Lost status Damaged status Shelving location Withdrawn status Current Location Full call number
2015-11-032015-11-03Library Block B 2015-11-03 FORRUA028801  B121 Library Block BFOR LEN 1996 B121 Or.1
2015-11-032015-11-03Library Block B 2015-11-03 FORRUA028375  B121 Library Block BFOR LEN 1996 B121 Or.2
2015-11-032015-11-03Library Block B 2015-11-03 FORRUA028085  B121 Library Block BFOR LEN 1996 B121 Or.3
2015-11-042015-11-04Library Block B 2015-11-04 FORRUA027877  B121 Library Block BFOR LEN 1996 B121 Or.4
មជ្ឈមណ្ឌលឯការនៃសាកលវិទ្យាល័យភូមិន្ទកសិកម្មចំការដូង

Powered by Koha